Úspešní politici slovenských dejín

Saved in:
Bibliographic Details
Main Author: Krajniak, Milan
Format: Book
Language:Slovak
Published: [Pezinok] Renesans 2012
Subjects:
Tags: Add Tag
No Tags, Be the first to tag this record!

MARC

LEADER 00000nam a2200000 4500
001 0160430
005 20240314102120.5
020 |a 978-80-89402-57-1 
041 0 |a slo 
044 |a SK 
245 1 0 |a Úspešní politici slovenských dejín  |c Milan Krajniak 
264 1 |a [Pezinok]  |b Renesans  |c 2012 
300 |a 103 s. 
610 2 0 |a dejiny 
610 2 0 |a vývoj politický 
610 2 0 |a vývoj spoločenský 
610 2 0 |a osobnosť 
610 2 0 |a biografia 
610 2 0 |a politika 
610 2 0 |a konflikty 
610 2 0 |a vojny 
610 2 0 |a hnutie národnostné 
610 2 0 |a hnutie revolučné 
610 2 0 |a hnutie politické 
610 2 0 |a hnutie národnooslobodzovacie 
610 2 0 |a národ 
610 2 0 |a štát 
610 2 0 |a cirkev 
610 2 0 |a história 
610 2 0 |a Slovensko 
610 2 0 |a 846-1968 
100 1 |a Krajniak, Milan